000 00298nam a22001337a 4500
008 180226b xxu||||| |||| 00| 0 eng d
020 _a0815158459
041 _aeng
080 _a159.9
100 _a49
101 _aPSI
245 _aPlastic and reconstructive surgery
_cCoy,M
942 _2udc
_cBK
999 _c43414
_d43414